Statistics for Say Amen (Saturday Night) - Panic! At The Disco - All Lyrics

Click here to take the quiz!

General Stats

  • This quiz has been taken 6 times
  • The average score is 281 of 332

Answer Stats

Answer% Correct
a
100%
amen?
100%
And
100%
another
100%
anymore
100%
be
100%
be,
100%
Been
100%
been
100%
can
100%
carry
100%
change
100%
don't
100%
else
100%
for
100%
get
100%
I,
100%
I
100%
If
100%
if
100%
it's
100%
It's
100%
Mama,
100%
me
100%
night,
100%
night
100%
oh,
100%
Oh,
100%
on
100%
person
100%
pray
100%
Saturday
100%
Saturday,
100%
so
100%
the
100%
to
100%
wanna
100%
weekend
100%
when
100%
wicked
100%
can't
80%
day
80%
in
80%
into
80%
life
80%
more
80%
nobody
80%
one
80%
packs
80%
save
80%
say
80%
somebody
80%
that
80%
That
80%
travelin'
80%
waitin'
80%
who
80%
yeah
80%
ain't
60%
All
60%
all
60%
asked
60%
at
60%
better,
60%
better
60%
could
60%
door
60%
ever
60%
give
60%
go
60%
God
60%
God,
60%
gonna
60%
had
60%
have
60%
I've
60%
I’ve
60%
know
60%
my
60%
nothin'
60%
people
60%
repent
60%
said,
60%
Swear
60%
swear
60%
there
60%
There
60%
There’s
60%
they
60%
try
60%
used
60%
wish
60%
would
60%
aren't
40%
baby
40%
But
40%
but
40%
but,
40%
couldn't
40%
every
40%
everything
40%
gave
40%
I'd
40%
mornin'
40%
much
40%
than
40%
that's
40%
Then
40%
up
40%
wake
40%
was
40%
beside
20%
could've
20%
knowin'
20%
sleep
20%
standing
20%

Score Distribution

Percentile by Number Answered

Percent of People with Each Score

Your Score History

You have not taken this quiz